00209nam a22000977a 4500020001800000082001100018100001700029245002100046260003500067300000900102 a9789380836201 a070.43 aMonita Singh aArt of reporting aNew DelhibCentrum pressc2010 a295p